000 00312nam a22001337a 4500
082 _a894.812.1
_bCHE/R
100 _aCHERUSSERY
245 _aRUKMINEESWAYAMVARAM
246 _aRUKMINEESWAYAMVARAM
_bRUKMINEESWAYAMVARAM
260 _aINDIA
_bPOORNA
_c2002
300 _a99
650 _aMALAYALAM POEMS
942 _cBK
999 _c8901
_d8901